[Event "CRO-chT2 Center"]
[Site "Croatia"]
[Date "2011.10.16"]
[Round "10.22"]
[White "Vadla, Zeljko"]
[Black "Matic, Zeljko"]
[Result "0-1"]
[WhiteElo "2177"]
[BlackElo "2200"]
[PlyCount "68"]
[EventDate "2011.03.20"]
[EventType "team-tourn"]
[EventRounds "11"]
[EventCountry "CRO"]
[SourceTitle "EXT 2014"]
[Source "ChessBase"]
[SourceDate "2013.11.20"]
[SourceVersion "1"]
[SourceVersionDate "2013.11.20"]
[SourceQuality "1"]

1. e4 g6 2. d4 Bg7 3. Nc3 a6 4. g3 d5 5. exd5 b5 6. a3 Nf6 7. Bg2 Bb7 8. Nf3 0-0 9. 0-0 Nxd5 10. Re1 Nd7 11. Ne4 h6 12. c3 Rc8 13. a4 b4 14. Qb3 a5 15. c4 N5f6 16. Nxf6+ Nxf6 17. Rd1 c5 18. dxc5 Qc7 19. Bf4 Qxc5 20. Rac1 Ng4 21. Rc2 e5 22. Bc1 e4 23. Ne1 Bd4 24. Rxd4 Qxd4 25. h3 Qd1 26. hxg4 Qxe1+ 27. Kh2 Qd1 28. Rc3 Qxg4 29. Re3 Rfd8 30. Re1 Rd3 31. Qxd3 exd3 32. Bxb7 Rxc4 33. Re8+ Kg7 34. Be3 d2 0-1

[Event "Zagreb op-B"]
[Site "Zagreb"]
[Date "2011.04.15"]
[Round "5"]
[White "Vadla, Zeljko"]
[Black "Ostovic, Matija"]
[Result "1-0"]
[WhiteElo "2156"]
[BlackElo "2232"]
[PlyCount "179"]
[EventDate "2011.04.11"]
[EventType "swiss"]
[EventRounds "9"]
[EventCountry "CRO"]
[SourceTitle "CBM 141 Extra"]
[Source "ChessBase"]
[SourceDate "2011.05.03"]
[SourceVersion "1"]
[SourceVersionDate "2011.05.03"]
[SourceQuality "1"]

1. e4 d6 2. d4 Nf6 3. Nc3 e5 4. Nf3 Nbd7 5. Be2 Be7 6. 0-0 0-0 7. Re1 c6 8. a4 b6 9. Bf1 Bb7 10. h3 a6 11. b3 Qc7 12. Ba3 Rfd8 13. Qc1 Bf8 14. dxe5 dxe5 15. Bxf8 Nxf8 16. Nb1 b5 17. Nbd2 Ne6 18. Qb2 Rd7 19. Bd3 Nd4 20. Nxd4 exd4 21. b4 Nh5 22. Nb3 Nf4 23. Nc5 Rdd8 24. Bf1 Ne6 25. Nxe6 fxe6 26. Ra3 e5 27. Rf3 Rf8 28. Rxf8+ Rxf8 29. c3 Rd8 30. Rd1 dxc3 31. Rxd8+ Qxd8 32. Qxc3 Qd4 33. Qb3+ Kf8 34. Qe6 h6 35. a5 Qxb4 36. Qf5+ Ke8 37. Qxe5+ Qe7 38. Qb8+ Kf7 39. e5 c5 40. f4 Be4 41. Qc8 Bb7 42. Qb8 Be4 43. Qc8 Bb7 44. Qb8 g6 45. Bd3 c4 46. e6+ Kxe6 47. Bxg6 Qc5+ 48. Kh1 Qd5 49. f5+ Kd7 50. Qe8+ Kc7 51. Qe7+ Kb8 52. Qe8+ Kc7 53. Qe7+ Kc8 54. Qe8+ Qd8 55. Qe5 Qd1+ 56. Kh2 Qd5 57. Qe8+ Qd8 58. Qe3 Qd5 59. Qe8+ Kc7 60. Qe7+ Kb8 61. Qe8+ Kc7 62. Qe7+ Kc8 63. Qe8+ Qd8 64. Qe3 Qd6+ 65. Kh1 Qc6 66. Qf2 Qf6 67. Qc5+ Kd7 68. Bh5 Qa1+ 69. Kh2 Qb2 70. Qg1 Qe5+ 71. Kh1 c3 72. Bd1 Ke8 73. Qf2 Qf6 74. Bc2 Kd8 75. Qc5 Qc6 76. Qf8+ Qe8 77. Qf6+ Qe7 78. Qxc3 Qg5 79. Qd4+ Kc7 80. Qc5+ Kd7 81. Qd4+ Kc7 82. Qf2 Qf6 83. Qf4+ Kd7 84. Bb3 Bxg2+ 85. Kh2 Bc6 86. Be6+ Ke8 87. Qb8+ Qd8 88. Bf7+ Ke7 89. f6+ Kd7 90. Be6+ 1-0

[Event "CRO-chT3A Center"]
[Site "Zagreb"]
[Date "2010.10.17"]
[Round "7.63"]
[White "Vadla, Zeljko"]
[Black "Jankovic, Mirko"]
[Result "0-1"]
[WhiteElo "2175"]
[BlackElo "2076"]
[PlyCount "56"]
[EventDate "2010.03.21"]
[EventType "team-tourn"]
[EventRounds "11"]
[EventCountry "CRO"]
[SourceTitle "EXT 2012"]
[Source "ChessBase"]
[SourceDate "2011.11.24"]
[SourceVersion "1"]
[SourceVersionDate "2011.11.24"]
[SourceQuality "1"]

1. e4 c5 2. Nf3 e6 3. d4 cxd4 4. Nxd4 Nf6 5. Nc3 d6 6. g4 h6 7. h4 Nc6 8. g5 hxg5 9. Bxg5 Qb6 10. Nb3 Bd7 11. Qe2 a6 12. 0-0-0 Rc8 13. f4 Nh5 14. Rh3 f6 15. f5 fxg5 16. hxg5 Nf4 17. Qg4 Rxh3 18. Bxh3 Qe3+ 19. Kb1 Ne5 20. Qh4 Nxh3 21. fxe6 Bxe6 22. Nd4 Qxg5 23. Qe1 Bg4 24. Rc1 Nf4 25. Qg3 Qf6 26. Rf1 Ne2 27. Qe1 Nxc3+ 28. bxc3 Nf3 0-1

[Event "CRO-chT3A Center"]
[Site "Zagreb"]
[Date "2010.04.11"]
[Round "3.53"]
[White "Suboticanec, Drazen"]
[Black "Vadla, Zeljko"]
[Result "1-0"]
[WhiteElo "2227"]
[BlackElo "2175"]
[PlyCount "69"]
[EventDate "2010.03.21"]
[EventType "team-tourn"]
[EventRounds "11"]
[EventCountry "CRO"]
[SourceTitle "EXT 2012"]
[Source "ChessBase"]
[SourceDate "2011.11.24"]
[SourceVersion "1"]
[SourceVersionDate "2011.11.24"]
[SourceQuality "1"]

1. Nf3 Nf6 2. c4 g6 3. g3 Bg7 4. Bg2 0-0 5. Nc3 d6 6. 0-0 Nc6 7. Rb1 e5 8. b4 Bf5 9. d3 Qd7 10. Re1 h6 11. Nd2 Bh3 12. Bh1 Nd8 13. Nf1 c6 14. Ne3 Ne6 15. b5 Nd4 16. Qa4 Rfc8 17. bxc6 bxc6 18. Nc2 Nxc2 19. Qxc2 d5 20. Qa4 d4 21. Ne4 Nxe4 22. Bxe4 Be6 23. Qa6 Rc7 24. Ba3 Rac8 25. Bb4 Rb7 26. Ba5 Rxb1 27. Rxb1 Qe7 28. Bxc6 Qa3 29. Bd5 Re8 30. Qb5 Rc8 31. Bxe6 fxe6 32. Qd7 Qf8 33. Qxe6+ Kh7 34. Bb4 Qd8 35. Bd6 1-0

[Event "Hum na Sutli op"]
[Site "Hum na Sutli"]
[Date "2009.11.25"]
[Round "5"]
[White "Vadla, Zeljko"]
[Black "Jaklin, Damir"]
[Result "1/2-1/2"]
[WhiteElo "2166"]
[BlackElo "2031"]
[PlyCount "58"]
[EventDate "2009.11.21"]
[EventType "swiss"]
[EventRounds "6"]
[EventCountry "CRO"]
[SourceTitle "CBM 133 Extra"]
[Source "ChessBase"]
[SourceDate "2010.01.05"]
[SourceVersion "1"]
[SourceVersionDate "2010.01.05"]
[SourceQuality "1"]

1. e4 c5 2. Nf3 d6 3. d4 cxd4 4. Nxd4 Nf6 5. Nc3 Nc6 6. Bg5 e6 7. Qd2 Be7 8. 0-0-0 Nxd4 9. Qxd4 0-0 10. f4 Qa5 11. Kb1 Rd8 12. Be2 e5 13. Qe3 exf4 14. Bxf4 Be6 15. Bf3 Rac8 16. Nd5 Bxd5 17. exd5 Re8 18. Qf2 Rc4 19. Bd2 Qc5 20. Be3 Qa5 21. Rhf1 Rec8 22. Rd2 Bd8 23. b3 Rc3 24. Be2 Rxc2 25. Rxc2 Rxc2 26. Kxc2 Qxa2+ 27. Kc1 Qa1+ 28. Kc2 Qa2+ 29. Kc1 Qa1+ 1/2-1/2

[Event "Hum na Sutli op"]
[Site "Hum na Sutli"]
[Date "2009.11.21"]
[Round "1"]
[White "Vadla, Zeljko"]
[Black "Trsinski, Stjepan"]
[Result "1-0"]
[WhiteElo "2166"]
[BlackElo "1896"]
[PlyCount "57"]
[EventDate "2009.11.21"]
[EventType "swiss"]
[EventRounds "6"]
[EventCountry "CRO"]
[SourceTitle "CBM 133 Extra"]
[Source "ChessBase"]
[SourceDate "2010.01.05"]
[SourceVersion "1"]
[SourceVersionDate "2010.01.05"]
[SourceQuality "1"]

1. e4 c5 2. Nf3 d6 3. c3 Nf6 4. Be2 Nc6 5. d4 cxd4 6. cxd4 Bd7 7. Nc3 e6 8. 0-0 Be7 9. d5 e5 10. dxc6 Bxc6 11. Bd3 0-0 12. Re1 a6 13. Bc4 Rc8 14. Bb3 Kh8 15. Bg5 b5 16. Bxf6 gxf6 17. Nh4 Rg8 18. Bxf7 Rg5 19. Be6 Bd7 20. Bxd7 Qxd7 21. Nf5 Rcg8 22. g3 Bf8 23. Nd5 Qf7 24. Rc1 Rg4 25. h3 R4g5 26. Rc7 Qg6 27. Qf3 Rh5 28. Nde7 Bxe7 29. Nxe7 1-0

[Event "CRO-chT2b"]
[Site "Croatia"]
[Date "2009.11.08"]
[Round "11"]
[White "Rozic, Marijan"]
[Black "Vadla, Zeljko"]
[Result "1/2-1/2"]
[WhiteElo "2072"]
[BlackElo "2166"]
[PlyCount "27"]
[EventDate "2009.03.01"]
[EventType "team-tourn"]
[EventRounds "11"]
[EventCountry "CRO"]
[SourceTitle "EXT 2011"]
[Source "ChessBase"]
[SourceDate "2010.11.26"]
[SourceVersion "1"]
[SourceVersionDate "2010.11.26"]
[SourceQuality "1"]

1. d4 Nf6 2. Nf3 g6 3. c4 Bg7 4. Nc3 0-0 5. e4 d6 6. Be2 e5 7. 0-0 Nc6 8. d5 Ne7 9. b4 Nh5 10. Be3 f5 11. exf5 gxf5 12. Ng5 Nf6 13. f4 Ng6 14. Qc2 1/2-1/2

[Event "CRO-chT2b"]
[Site "Croatia"]
[Date "2009.03.15"]
[Round "5"]
[White "Vadla, Zeljko"]
[Black "Kliska, Predrag"]
[Result "1-0"]
[WhiteElo "2196"]
[BlackElo "2128"]
[PlyCount "99"]
[EventDate "2009.03.01"]
[EventType "team-tourn"]
[EventRounds "11"]
[EventCountry "CRO"]
[SourceTitle "EXT 2010"]
[Source "ChessBase"]
[SourceDate "2010.11.25"]
[SourceVersion "1"]
[SourceVersionDate "2010.11.25"]
[SourceQuality "1"]

1. e4 Nf6 2. e5 Nd5 3. d4 d6 4. Nf3 Bg4 5. Be2 e6 6. 0-0 Be7 7. h3 Bh5 8. c4 Nb6 9. exd6 cxd6 10. Nc3 0-0 11. b3 d5 12. c5 Bxf3 13. gxf3 Nc8 14. Be3 Bf6 15. f4 g6 16. b4 Ne7 17. Bg4 Nbc6 18. Rb1 h5 19. Bf3 Nf5 20. Ne2 Bg7 21. b5 Na5 22. Ng3 Qf6 23. Nxf5 Qxf5 24. Bg2 Bh6 25. Qf3 Rac8 26. Rfc1 Rc7 27. Bf1 Rfc8 28. Rd1 b6 29. Rbc1 Nb7 30. Bd3 Qf6 31. c6 Nd6 32. a4 Nf5 33. Ra1 Bf8 34. a5 Bd6 35. axb6 axb6 36. Ra4 Nh4 37. Qg3 Nf5 38. Qg5 Qxg5+ 39. fxg5 Nxe3 40. fxe3 Bg3 41. Ra6 Rb8 42. Rd2 Be1 43. Rda2 Ba5 44. Kf2 Kf8 45. e4 Ke7 46. e5 Kd8 47. Ke3 Bc3 48. Ra7 Ba5 49. Rxc7 Kxc7 50. Rf2 1-0

[Event "CRO-chT2b"]
[Site "Croatia"]
[Date "2009.03.01"]
[Round "1"]
[White "Vadla, Zeljko"]
[Black "Ostovic, Matija"]
[Result "0-1"]
[WhiteElo "2196"]
[BlackElo "2070"]
[PlyCount "74"]
[EventDate "2009.03.01"]
[EventType "team-tourn"]
[EventRounds "11"]
[EventCountry "CRO"]
[SourceTitle "EXT 2010"]
[Source "ChessBase"]
[SourceDate "2010.11.25"]
[SourceVersion "1"]
[SourceVersionDate "2010.11.25"]
[SourceQuality "1"]

1. e4 c6 2. d4 d6 3. Nc3 Nd7 4. Nf3 e5 5. Bc4 Be7 6. a4 h6 7. 0-0 Ngf6 8. Re1 0-0 9. Ba2 Nh7 10. Be3 Ng5 11. Nd2 Qc7 12. Nf1 Nf6 13. Bxg5 hxg5 14. Ne3 g6 15. d5 c5 16. Bc4 b6 17. Be2 a6 18. Ra3 Bd7 19. Rb3 Rfb8 20. f3 Qc8 21. Bc4 Qe8 22. Qd3 Bxa4 23. Ra3 Bd7 24. Rxa6 Rxa6 25. Bxa6 b5 26. b3 Rb6 27. Bxb5 Bxb5 28. Nxb5 Rxb5 29. Ra1 Rb8 30. Qa6 g4 31. Nc4 gxf3 32. gxf3 Qd7 33. Qa7 Rb7 34. Qa8+ Kg7 35. Ra6 Nxe4 36. fxe4 Qg4+ 37. Kf1 Bh4 0-1

[Event "Bjelovar op 4th"]
[Site "Bjelovar"]
[Date "2008.09.20"]
[Round "5"]
[White "Pasztor, Ferenc1111"]
[Black "Vadla, Zeljko"]
[Result "0-1"]
[WhiteElo "2196"]
[BlackElo "2181"]
[PlyCount "172"]
[EventDate "2008.09.18"]
[EventType "swiss"]
[EventRounds "7"]
[EventCountry "CRO"]
[SourceTitle "CBM 126 Extra"]
[Source "ChessBase"]
[SourceDate "2008.11.05"]
[SourceVersion "1"]
[SourceVersionDate "2008.11.05"]
[SourceQuality "1"]

1. d4 Nf6 2. Nf3 e6 3. c4 b6 4. Nc3 Bb4 5. Qb3 c5 6. dxc5 Bxc5 7. Bg5 Bb7 8. e3 Be7 9. Rd1 Na6 10. Be2 0-0 11. 0-0 Nc5 12. Qc2 Nce4 13. Nxe4 Nxe4 14. Bxe7 Qxe7 15. Rd4 f5 16. Rfd1 d6 17. Ne1 e5 18. R4d3 Rf6 19. Bf1 Rh6 20. g3 Rf8 21. Bg2 g5 22. b4 g4 23. Ra3 a6 24. c5 bxc5 25. bxc5 Nxc5 26. Bxb7 Qxb7 27. Qc4+ Kh8 28. Nd3 Ne4 29. Qxa6 Qg7 30. Qc6 Rhf6 31. Ra8 Rxa8 32. Qxa8+ Rf8 33. Qd5 Qh6 34. Ne1 Qh3 35. Rc1 Qh5 36. a4 Qf7 37. Qxf7 Rxf7 38. Nd3 Ra7 39. Ra1 Ra5 40. Nb2 Nd2 41. h4 Kg7 42. Rd1 Nf3+ 43. Kf1 d5 44. Rc1 e4 45. Ke2 Kf6 46. Rc2 h5 47. Kd1 d4 48. Rc6+ Kf7 49. exd4 Rd5 50. Kc1 Nxd4 51. Rb6 f4 52. gxf4 Ne2+ 53. Kc2 Nxf4 54. Rb4 Ng2 55. Rxe4 Nxh4 56. Nc4 Nf3 57. a5 Kf6 58. a6 Ne5 59. Kc3 Nc6 60. Re8 Nd4 61. Rb8 Rd7 62. Rb6+ Kg5 63. Nd6 Nf3 64. Ne4+ Kf4 65. Rb7 Rd5 66. a7 Ra5 67. Nd6 Ne5 68. Nc4 Nxc4 69. Kxc4 h4 70. Rf7+ Ke4 71. Kb4 Ra1 72. Kb5 h3 73. Kb6 Rb1+ 74. Kc7 Rc1+ 75. Kb8 Rb1+ 76. Rb7 Ra1 77. Rf7 Rb1+ 78. Kc8 Rc1+ 79. Rc7 Ra1 80. Kb8 Kf3 81. Rf7+ Kg2 82. a8Q+ Rxa8+ 83. Kxa8 h2 84. f3 g3 85. f4 h1Q 86. f5 Kf2+ 0-1

[Event "Zagreb op"]
[Site "Zagreb"]
[Date "2007.03.23"]
[Round "7"]
[White "Vadla, Zeljko"]
[Black "Bozinovic, Bogdan"]
[Result "0-1"]
[WhiteElo "2282"]
[BlackElo "2268"]
[PlyCount "52"]
[EventDate "2007.03.17"]
[EventType "swiss"]
[EventRounds "9"]
[EventCountry "CRO"]
[SourceTitle "CBM 117 Extra"]
[Source "ChessBase"]
[SourceDate "2007.05.09"]
[SourceVersion "1"]
[SourceVersionDate "2007.05.09"]
[SourceQuality "1"]

1. e4 c5 2. Nf3 d6 3. d4 cxd4 4. Nxd4 Nf6 5. Nc3 a6 6. Bc4 e6 7. Bb3 Nbd7 8. 0-0 Nc5 9. f4 Be7 10. f5 Bd7 11. Kh1 e5 12. Nde2 Nxb3 13. axb3 Bc6 14. Ng3 h5 15. Nge2 h4 16. Bg5 Nxe4 17. Bxe7 Nxc3 18. Nxc3 Qxe7 19. h3 Rc8 20. Qg4 Qf6 21. Rad1 0-0 22. Rxd6 Qxd6 23. f6 g6 24. Qxh4 Rfd8 25. Rf5 Qd2 26. Rg5 Qc1+ 0-1

[Event "Zagreb op"]
[Site "Zagreb"]
[Date "2007.03.21"]
[Round "5"]
[White "Vadla, Zeljko"]
[Black "Jovanic, Ognjen"]
[Result "0-1"]
[WhiteElo "2282"]
[BlackElo "2463"]
[PlyCount "72"]
[EventDate "2007.03.17"]
[EventType "swiss"]
[EventRounds "9"]
[EventCountry "CRO"]
[SourceTitle "CBM 117 Extra"]
[Source "ChessBase"]
[SourceDate "2007.05.09"]
[SourceVersion "1"]
[SourceVersionDate "2007.05.09"]
[SourceQuality "1"]

1. e4 e5 2. Nf3 Nc6 3. Bb5 Nf6 4. d3 Bc5 5. 0-0 d6 6. c3 0-0 7. Bg5 h6 8. Bh4 a6 9. Ba4 Ba7 10. Nbd2 Kh8 11. Bc2 Rg8 12. Nc4 g5 13. Bg3 Nh7 14. Ne3 h5 15. h4 Bg4 16. Nf5 Qf6 17. d4 exd4 18. cxd4 Bxf5 19. exf5 g4 20. Nd2 Nxd4 21. Ne4 Qh6 22. Nc3 Nf6 23. Bd3 Rge8 24. Rc1 Re7 25. Ne2 Nxe2+ 26. Bxe2 Rae8 27. Bd3 c6 28. b4 d5 29. a4 Bb8 30. b5 axb5 31. axb5 Bxg3 32. fxg3 cxb5 33. Bxb5 Ra8 34. Rf4 Ra3 35. Qd4 Re4 36. Rxe4 Qxc1+ 0-1

[Event "Zagreb op"]
[Site "Zagreb"]
[Date "2007.03.20"]
[Round "4"]
[White "Sribar, Peter"]
[Black "Vadla, Zeljko"]
[Result "0-1"]
[WhiteElo "2189"]
[BlackElo "2282"]
[PlyCount "112"]
[EventDate "2007.03.17"]
[EventType "swiss"]
[EventRounds "9"]
[EventCountry "CRO"]
[SourceTitle "CBM 117 Extra"]
[Source "ChessBase"]
[SourceDate "2007.05.09"]
[SourceVersion "1"]
[SourceVersionDate "2007.05.09"]
[SourceQuality "1"]

1. d4 Nf6 2. c4 c5 3. d5 d6 4. Nc3 g6 5. e4 Bg7 6. f3 0-0 7. Bd3 e6 8. Nge2 exd5 9. cxd5 a6 10. a4 Re8 11. 0-0 Nbd7 12. Kh1 Ne5 13. Bc2 Rb8 14. a5 Nc4 15. f4 Ng4 16. Qd3 Qh4 17. Qg3 Qxg3 18. Nxg3 Nce3 19. Bxe3 Nxe3 20. Rf2 Nc4 21. Ba4 Rf8 22. e5 dxe5 23. f5 gxf5 24. Nxf5 Bxf5 25. Rxf5 Nd6 26. Rf2 Rbd8 27. g4 e4 28. Re1 e3 29. Rfe2 Bd4 30. Bb3 Rfe8 31. Nd1 Re5 32. Kg2 Rde8 33. Kf3 Ne4 34. Bc2 Nd2+ 35. Kf4 Nc4 36. b3 Na3 37. Bf5 Rxd5 38. Nxe3 Rde5 39. Bd7 Rd8 40. Ba4 Nb5 41. Nc4 Rxe2 42. Rxe2 Kf8 43. Rc2 Nc3 44. Nb6 Nd5+ 45. Nxd5 Rxd5 46. Re2 Rd8 47. Rc2 Rd6 48. Rc4 Bg1 49. h4 Rd4+ 50. Rxd4 cxd4 51. Ke4 Ke7 52. b4 Bf2 53. b5 Bxh4 54. bxa6 bxa6 55. Bb5 axb5 56. a6 d3 0-1

[Event "Velika Gorica op 5th"]
[Site "Velika Gorica"]
[Date "2005.08.21"]
[Round "3"]
[White "Kosanski, Stanko"]
[Black "Vadla, Zeljko"]
[Result "1-0"]
[WhiteElo "2369"]
[BlackElo "2231"]
[PlyCount "123"]
[EventDate "2005.08.20"]
[EventType "swiss"]
[EventRounds "9"]
[EventCountry "CRO"]
[SourceTitle "CBM 108 Extra"]
[Source "ChessBase"]
[SourceDate "2005.11.04"]
[SourceVersion "1"]
[SourceVersionDate "2005.11.04"]
[SourceQuality "1"]

1. e4 c5 2. Nc3 Nc6 3. f4 g6 4. Nf3 Bg7 5. Bb5 Nd4 6. Nxd4 cxd4 7. Ne2 Qb6 8. Bd3 d6 9. a4 Nf6 10. 0-0 0-0 11. Kh1 a5 12. h3 d5 13. exd5 Nxd5 14. c3 dxc3 15. bxc3 Qc7 16. Be4 Rd8 17. Qe1 Nf6 18. Bf3 Bf5 19. Nd4 Bd3 20. Be2 Bxe2 21. Qxe2 Nh5 22. Qf3 Bxd4 23. g4 Bf6 24. gxh5 Qc4 25. d4 Rd5 26. Rg1 e6 27. Bd2 Rc8 28. Rg3 b5 29. axb5 Qxb5 30. hxg6 hxg6 31. Qd3 Qxd3 32. Rxd3 Rb5 33. Ra4 Be7 34. Kg2 Ra8 35. c4 Rb2 36. Kf3 Bb4 37. Bxb4 Rxb4 38. Rda3 Rc8 39. c5 Rd8 40. Rxb4 axb4 41. Rd3 Kf8 42. Ke4 f5+ 43. Ke3 Ra8 44. Kd2 Ra2+ 45. Kc1 Ke7 46. Rb3 Ra4 47. Kc2 Kd7 48. Kd3 Kc6 49. Kc4 Ra1 50. Kxb4 Rf1 51. Kc4 Rxf4 52. Rg3 e5 53. Rxg6+ Kc7 54. Kd5 Rxd4+ 55. Kxe5 Rh4 56. Kd5 Rxh3 57. Rg7+ Kc8 58. Kc6 Rh6+ 59. Kb5 Rf6 60. c6 f4 61. Kb6 Rf8 62. Ra7 1-0

[Event "Pula op 15th"]
[Site "Pula"]
[Date "2001.05.24"]
[Round "7"]
[White "Vadla, Zeljko"]
[Black "Osmanbegovic, Suad"]
[Result "1/2-1/2"]
[WhiteElo "2252"]
[BlackElo "2336"]
[PlyCount "120"]
[EventDate "2001.05.18"]
[EventType "swiss"]
[EventRounds "9"]
[EventCountry "CRO"]
[SourceTitle "CBM 082 Extra"]
[Source "ChessBase"]
[SourceDate "2001.07.03"]
[SourceVersion "1"]
[SourceVersionDate "2001.07.03"]
[SourceQuality "1"]

1. e4 c5 2. Nf3 g6 3. d4 Bg7 4. dxc5 Qa5+ 5. Nc3 Nf6 6. Bd3 Qxc5 7. 0-0 0-0 8. h3 d6 9. Be3 Qa5 10. Re1 Nc6 11. a3 Be6 12. Nd4 Nxd4 13. Bxd4 a6 14. Bf1 Rac8 15. g3 Rfd8 16. Re3 d5 17. e5 Ne4 18. Qe1 Nxc3 19. Rxc3 Rxc3 20. bxc3 Bf5 21. Qe3 Qa4 22. g4 Bxc2 23. e6 Bxd4 24. exf7+ Kxf7 25. cxd4 Qd7 26. Re1 e6 27. Qd2 Rc8 28. Qf4+ Kg8 29. Bg2 Ba4 30. Qf6 Re8 31. h4 Qf7 32. Qe5 Bd7 33. Re3 Bc6 34. Rf3 Qg7 35. Rf6 Bd7 36. g5 Rf8 37. Bf3 Rxf6 38. gxf6 Qf7 39. Qb8+ Be8 40. Qe5 Bd7 41. Qb8+ Qe8 42. Qxb7 Kf7 43. Qxa6 Kxf6 44. Qd6 Kf7 45. Kg2 Qc8 46. Qf4+ Kg7 47. Qe5+ Kf7 48. h5 gxh5 49. Qxh5+ Kg7 50. Qg5+ Kf7 51. Bg4 Qg8 52. Qxg8+ Kxg8 53. Bd1 Kf7 54. Kg3 Ke7 55. f4 Kd6 56. Kh4 Be8 57. Bc2 h6 58. Bd1 Kc7 59. Bh5 Bd7 60. Bg6 Kb6 1/2-1/2

[Event "Zagreb op"]
[Site "Zagreb"]
[Date "1999.??.??"]
[Round "7"]
[White "Cechi, Goran"]
[Black "Vadla, Zeljko"]
[Result "0-1"]
[WhiteElo "2125"]
[BlackElo "2250"]
[PlyCount "104"]
[EventDate "1999.??.??"]
[EventType "swiss"]
[EventRounds "9"]
[EventCountry "CRO"]
[SourceTitle "EXT 2000"]
[Source "ChessBase"]
[SourceDate "1999.11.16"]
[SourceVersion "1"]
[SourceVersionDate "1999.11.16"]
[SourceQuality "1"]

1. c4 c5 2. Nc3 Nf6 3. Nf3 Nc6 4. g3 d5 5. cxd5 Nxd5 6. d4 Nxc3 7. bxc3 g6 8. Bg2 Bg7 9. e3 0-0 10. 0-0 Qa5 11. Qb3 Qc7 12. Ba3 b6 13. dxc5 bxc5 14. Bxc5 Rb8 15. Qa3 Rb5 16. Nd4 Ra5 17. Nxc6 Rxa3 18. Bxa3 Bf6 19. Bb4 Bb7 20. Ba5 Qc8 21. Nd4 Bxg2 22. Kxg2 e5 23. Nb3 Be7 24. Rfd1 h5 25. h3 h4 26. Rac1 Qb7+ 27. f3 hxg3 28. c4 Bg5 29. Rc3 Kg7 30. c5 Rh8 31. c6 Qc8 32. Rd7 Qa6 33. Rdd3 Bxe3 34. Rxe3 Qc8 35. Kxg3 Qxh3+ 36. Kf2 Qh2+ 37. Ke1 Qxa2 38. Kd1 Qb1+ 39. Rc1 Rh1+ 40. Be1 Qf5 41. c7 Qd7+ 42. Nd2 Rh8 43. Rxe5 Rc8 44. Rec5 a5 45. Bg3 a4 46. Ra1 f6 47. Rc4 Qh3 48. Be1 Qh2 49. Rac1 a3 50. R1c2 a2 51. Nb3 Qd6+ 52. Rd4 Qxd4+ 0-1

[Event "Zagreb op"]
[Site "Zagreb"]
[Date "1999.??.??"]
[Round "6"]
[White "Vadla, Zeljko"]
[Black "Feletar, Darko"]
[Result "0-1"]
[WhiteElo "2250"]
[BlackElo "2376"]
[PlyCount "106"]
[EventDate "1999.??.??"]
[EventType "swiss"]
[EventRounds "9"]
[EventCountry "CRO"]
[SourceTitle "EXT 2000"]
[Source "ChessBase"]
[SourceDate "1999.11.16"]
[SourceVersion "1"]
[SourceVersionDate "1999.11.16"]
[SourceQuality "1"]

1. e4 c5 2. Nf3 e6 3. d4 cxd4 4. Nxd4 Nc6 5. Nc3 Qc7 6. f4 d6 7. Be3 a6 8. Qf3 Nf6 9. 0-0-0 Nd7 10. g4 Nc5 11. g5 Bd7 12. Bg2 Rc8 13. Nxc6 Bxc6 14. Bd4 Na4 15. Nxa4 Bxa4 16. Bc3 b5 17. Rd4 Be7 18. h4 e5 19. Rxa4 bxa4 20. Bh3 Rb8 21. f5 a3 22. f6 gxf6 23. gxf6 axb2+ 24. Kb1 Bf8 25. Rg1 Qc5 26. Qg4 Rd8 27. Bd2 h5 28. Qg3 Rb8 29. Be3 Qc3 30. Qf2 Qc6 31. Qf5 Rb7 32. Rd1 Rc7 33. Rd2 Qc3 34. Re2 Rg8 35. Bg5 Rg6 36. Qf1 Qc4 37. Qd1 Bh6 38. Qxd6 Qc5 39. Qxa6 Qg1+ 40. Kxb2 Qd4+ 41. Kb1 Rxf6 42. Qa8+ Ke7 43. Qa3+ Rc5 44. Rd2 Qg1+ 45. Kb2 Bxg5 46. Qa7+ Kf8 47. Qb8+ Kg7 48. hxg5 Rf2 49. Qd6 Rxd2 50. Qxd2 Rb5+ 51. Kc3 Qc5+ 52. Kd3 Qd4+ 53. Ke2 Qxe4+ 0-1

[Event "Pula op 12th"]
[Site "Pula"]
[Date "1998.??.??"]
[Round "5"]
[White "Vadla, Zeljko"]
[Black "Podlesnik, Bogdan"]
[Result "0-1"]
[WhiteElo "2225"]
[BlackElo "2415"]
[PlyCount "104"]
[EventDate "1998.05.??"]
[EventType "swiss"]
[EventRounds "9"]
[EventCountry "CRO"]
[SourceTitle "EXT 2000"]
[Source "ChessBase"]
[SourceDate "1999.11.16"]
[SourceVersion "1"]
[SourceVersionDate "1999.11.16"]
[SourceQuality "1"]

1. e4 c5 2. Nf3 Nc6 3. d4 cxd4 4. Nxd4 Nf6 5. Nc3 e5 6. Ndb5 d6 7. Bg5 a6 8. Na3 b5 9. Bxf6 gxf6 10. Nd5 f5 11. Bd3 Be6 12. 0-0 Bg7 13. Qh5 f4 14. c3 0-0 15. Rad1 Rb8 16. Nc2 Qd7 17. Qe2 Bxd5 18. exd5 Ne7 19. Nb4 a5 20. Nc6 Nxc6 21. dxc6 Qxc6 22. Be4 Qd7 23. Rd3 f5 24. Bd5+ Kh8 25. f3 b4 26. cxb4 Rxb4 27. a3 Rbb8 28. b3 Bf6 29. Rc1 Bd8 30. Rdc3 Bb6+ 31. Kf1 Qe7 32. g3 Qg5 33. Kg2 Rbe8 34. Rc4 Qg7 35. b4 axb4 36. axb4 e4 37. Qa2 Be3 38. R1c2 fxg3 39. h3 Bd4 40. Qb3 exf3+ 41. Qxf3 Re1 42. Rc1 Re3 43. Qh5 Qe5 44. Bf3 Rb3 45. h4 Qe3 46. R1c2 Qg1+ 47. Kh3 g2 48. Rxg2 Qh1+ 49. Kg3 Rg8+ 50. Kf4 Rxf3+ 51. Qxf3 Qxh4+ 52. Kxf5 Qf6+ 0-1